000 00767nam a2200241 a 4500
005 20251028063947.0
008 160523s2008 mx r 000 0 spa d
020 _a9788479536701
035 _aUPN01000210424
049 _aCG
050 4 _aBF408
_bR5.7
100 1 _aRivas Lacayo, Rosa Argentina
_939514
245 1 0 _aSaber pensar :
_bdinámica mental y calidad de vida /
_cRosa Argentina Rivas Lacayo.
260 _aBarcelona, Esp. :
_bUrano,
_c2008.
300 _a409 p. :
_bil., cuadros
501 _aCon: El método silva para un nuevo siglo
650 4 _aPensamiento creativo
_912761
650 2 _aCreatividad
_95008
650 4 _aSuperación personal
_921547
740 3 _aEl método silva para un nuevo siglo
905 _aLibro
999 _c182525
_d182525